|
|
|
|
| LEADER |
01719nam a2200301 a 4500 |
| 001 |
GR-Patra12488 |
| 008 |
000418s1997 gr 000 0 gre d |
| 040 |
|
|
|a GrPaTEI
|b gre
|c GR-PaULI
|
| 040 |
|
|
|a GrPaTEI
|b gre
|c GR-PaULI
|
| 082 |
|
0 |
|a 320.944
|2 21
|
| 245 |
0 |
0 |
|a Αλήθειες μιας γυναίκας :
|b Εμπειρίες και οράματα μιας Υπουργού της Γαλλικής Σοσιαλιστικής Κυβέρνησης /
|c Σενγκολέν Ρουαγιάλ ; προλεγόμενα-μετάφραση: Στέφανος Παντελάκης.
|
| 260 |
|
|
|a Αθήνα :
|b Μεταμεσονύκτιες εκδόσεις,
|c c1997
|
| 300 |
|
|
|a 277σ.
|
| 500 |
|
|
|a Τίτλος πρωτοτύπου: La verite d' une femme
|
| 650 |
|
4 |
|a ΓΑΛΛΙΑ
|
| 650 |
|
4 |
|a Γυναίκες
|
| 650 |
|
4 |
|a ΚΟΙΝΩΝΙΑ
|
| 650 |
|
4 |
|a ΠΕΡΙΒΑΛΛΟΝ
|
| 650 |
|
4 |
|a ΠΟΛΙΤΙΚΗ
|
| 650 |
|
4 |
|a Πολιτισμός
|
| 700 |
1 |
|
|a ROYAL, SEGOLENE
|
| 710 |
0 |
|
|a ΜΕΤΑΜΕΣΟΝΥΚΤΙΕΣ ΕΚΔΟΣΕΙΣ
|
| 942 |
|
|
|2 ddc
|
| 952 |
|
|
|0 0
|1 0
|2 ddc
|4 0
|6 320_944000000000000_ROY
|7 0
|9 292034
|a LISK
|b LISK
|c BSC
|d 2021-01-17
|e 24
|f 0
|g 0.00
|l 0
|o 320.944 ROY
|p 92410015019
|r 2021-01-17 00:00:00
|t 1
|w 2021-01-17
|y BK15
|x 20000418 0 1
|x GrPaTEI
|
| 952 |
|
|
|0 0
|1 0
|2 ddc
|4 0
|6 320_944000000000000_ROY
|7 0
|9 292035
|a LISK
|b LISK
|c BSC
|d 2021-01-17
|e 24
|f 0
|g 0.00
|l 0
|o 320.944 ROY
|p 92410015020
|r 2021-01-17 00:00:00
|t 1
|w 2021-01-17
|y BK15
|x 20000418 0 1
|x GrPaTEI
|
| 952 |
|
|
|0 0
|1 0
|2 ddc
|4 0
|6 320_944000000000000_ROY
|7 0
|9 292036
|a LISK
|b LISK
|c ALF
|d 2021-01-17
|e 24
|f 0
|g 0.00
|l 0
|o 320.944 ROY
|p 92410015021
|r 2021-01-17 00:00:00
|t 1
|w 2021-01-17
|y BK15
|x 20000418 0 1
|x GrPaTEI
|
| 971 |
|
|
|a .b26600031
|b 15-04-20
|c 23-09-16
|
| 999 |
|
|
|c 170627
|d 170627
|